[Event "IBCA World-chT blind 9th"]
[Site "Ohrid"]
[Date "2022.06.30"]
[Round "3.1"]
[White "Schulz, Gert"]
[Black "Drazetic, Novica"]
[Result "1-0"]
[WhiteElo "1931"]
[BlackElo "1605"]
[PlyCount "73"]
[EventDate "2022.06.28"]
[EventType "team-swiss"]
[EventRounds "9"]
[EventCountry "MKD"]
[SourceTitle "EXT 2024"]
[Source "ChessBase"]
[SourceDate "2023.10.10"]
[SourceVersion "1"]
[SourceVersionDate "2023.10.10"]
[SourceQuality "1"]
[WhiteTeam "Germany"]
[BlackTeam "Croatia"]
[WhiteTeamCountry "GER"]
[BlackTeamCountry "CRO"]

1. c4 e6 2. d4 d5 3. Nc3 c5 4. cxd5 exd5 5. Nf3 Nc6 6. g3 Nf6 7. Bg2 Be7 8. 0-0 0-0 9. Bg5 cxd4 10. Nxd4 Nxd4 11. Qxd4 Be6 12. Rfd1 h6 13. Bf4 Qa5 14. Nxd5 Nxd5 15. Bxd5 Rfd8 16. e4 Rd7 17. Qc3 Qxc3 18. bxc3 Rad8 19. c4 b5 20. cxb5 Bxd5 21. exd5 Rxd5 22. Rxd5 Rxd5 23. a4 Bd8 24. Kf1 Kf8 25. Ke2 Ke8 26. h4 h5 27. Ra2 Rd7 28. Rd2 Ba5 29. Rxd7 Kxd7 30. Be3 a6 31. bxa6 Kc7 32. a7 Kb7 33. Kd3 Bc7 34. Ke4 Ka8 35. Kf5 Kb7 36. Kg5 g6 37. Kf6 1-0

[Event "IBCA EU-chT blind 2nd"]
[Site "Calimanesti"]
[Date "2019.10.07"]
[Round "3.3"]
[White "Schulz, Gert"]
[Black "Stachanczyk, Jacek"]
[Result "0-1"]
[WhiteElo "1982"]
[BlackElo "2145"]
[PlyCount "88"]
[EventDate "2019.10.05"]
[EventType "team-swiss"]
[EventRounds "9"]
[EventCountry "ROU"]
[SourceTitle "CBM 192 Extra"]
[Source "Chessbase"]
[SourceDate "2019.11.06"]
[SourceVersion "1"]
[SourceVersionDate "2019.11.06"]
[SourceQuality "1"]
[WhiteTeam "Germany"]
[BlackTeam "Poland II"]
[WhiteTeamCountry "GER"]
[BlackTeamCountry "POL"]

1. d4 d5 2. c4 e6 3. Nc3 Nf6 4. cxd5 exd5 5. Bg5 Be7 6. e3 c6 7. Qc2 Nbd7 8. Bd3 h6 9. Bh4 Nh5 10. Bxe7 Qxe7 11. Nge2 Nb6 12. a4 a5 13. 0-0 0-0 14. Ng3 Nxg3 15. hxg3 Bd7 16. Ne2 Nc8 17. Qc3 h5 18. Rfc1 g6 19. Kf1 Kg7 20. Ng1 Bg4 21. Be2 Bxe2+ 22. Kxe2 Nd6 23. Nf3 Ne4 24. Qd3 Qf6 25. Rh1 Rfc8 26. Qb3 Re8 27. Raf1 Qe7 28. Nd2 Nd6 29. Rh4 Nf5 30. Rf4 Qe6 31. Qd3 Ra6 32. Kd1 Rb6 33. Kc2 Rb4 34. b3 Nd6 35. Nf3 Ne4 36. Rh4 b5 37. axb5 Rb8 38. Nd2 Nxd2 39. Kxd2 R4xb5 40. Rb1 a4 41. b4 Rxb4 42. Rxb4 Rxb4 43. Rh1 Rb2+ 44. Kc1 Rxf2 0-1

[Event "Prague Holiday K21"]
[Site "Prague"]
[Date "2013.07.23"]
[Round "5"]
[White "Muzikar, Martin"]
[Black "Schulz, Gert"]
[Result "1/2-1/2"]
[WhiteElo "1869"]
[BlackElo "2053"]
[PlyCount "43"]
[EventDate "2013.07.21"]
[EventType "tourn"]
[EventRounds "9"]
[EventCountry "CZE"]
[SourceTitle "EXT 2023"]
[Source "ChessBase"]
[SourceDate "2022.10.05"]
[SourceVersion "1"]
[SourceVersionDate "2022.10.05"]
[SourceQuality "1"]

1. e4 c5 2. Nf3 Nc6 3. d4 cxd4 4. Nxd4 Nf6 5. Nc3 d6 6. Bc4 e6 7. Bb3 a6 8. 0-0 Be7 9. Be3 Qc7 10. f4 0-0 11. Qf3 Bd7 12. f5 Nxd4 13. Bxd4 e5 14. Be3 b5 15. Nd5 Nxd5 16. Bxd5 Bc6 17. Bxc6 Qxc6 18. c3 f6 19. Rad1 Rac8 20. Rd5 Qc4 21. a3 Qb3 22. Qe2 1/2-1/2

[Event "GER-chT Betriebe"]
[Site "Berlin"]
[Date "2006.10.08"]
[Round "7.3"]
[White "Muse, Drazen"]
[Black "Schulz, Gert"]
[Result "1-0"]
[WhiteElo "2418"]
[BlackElo "2117"]
[PlyCount "67"]
[EventDate "2006.10.05"]
[EventType "team-tourn"]
[EventRounds "7"]
[EventCountry "GER"]
[SourceTitle "EXT 2020"]
[Source "ChessBase"]
[SourceDate "2019.10.17"]
[SourceVersion "1"]
[SourceVersionDate "2019.10.17"]
[SourceQuality "1"]
[WhiteTeam "Gillette"]
[BlackTeam "Dresdner Bank Frankfurt/Main"]
[WhiteTeamCountry "GER"]
[BlackTeamCountry "GER"]

1. Nf3 g6 2. e4 Bg7 3. d4 c6 4. c3 d5 5. Nbd2 Bg4 6. h3 Bxf3 7. Qxf3 dxe4 8. Nxe4 Nd7 9. Bc4 Ngf6 10. Nxf6+ Nxf6 11. 0-0 0-0 12. Re1 Re8 13. Bf4 Nd5 14. Be5 e6 15. Rad1 Qe7 16. Bb3 Bxe5 17. Rxe5 b5 18. Rde1 Qd6 19. Qg4 a5 20. a3 Kg7 21. Qf3 Red8 22. h4 h5 23. Bc2 Re8 24. Qd3 Nf6 25. f3 Nd7 26. Rg5 f5 27. Qd1 c5 28. d5 Qxd5 29. Bxf5 Qxd1 30. Rxd1 exf5 31. Rxd7+ Kf6 32. Rd6+ Re6 33. Rxg6+ Kxg6 34. Rxe6+ 1-0

[Event "Baden VLN 0304"]
[Site "Baden"]
[Date "2004.04.04"]
[Round "8.5"]
[White "Schulz, Gert"]
[Black "Rastert, Ralf"]
[Result "1-0"]
[WhiteElo "2118"]
[BlackElo "2163"]
[PlyCount "69"]
[EventDate "2003.10.12"]
[EventType "team-tourn"]
[EventRounds "9"]
[EventCountry "GER"]
[SourceTitle "EXT 2022"]
[Source "ChessBase"]
[SourceDate "2021.10.06"]
[SourceVersion "1"]
[SourceVersionDate "2021.10.06"]
[SourceQuality "1"]
[WhiteTeam "Sandhausen"]
[BlackTeam "Mosbach"]
[WhiteTeamCountry "GER"]
[BlackTeamCountry "GER"]

1. d4 f5 2. Bg5 g6 3. e4 fxe4 4. Nc3 d5 5. f3 Bg7 6. h4 Nf6 7. h5 Qd6 8. Nge2 exf3 9. Nf4 Ne4 10. Nxe4 dxe4 11. h6 f2+ 12. Kxf2 Bxd4+ 13. Ke1 Bxb2 14. Qxd6 exd6 15. Rb1 Bc3+ 16. Kd1 c6 17. Rb3 Be5 18. Re3 Bg4+ 19. Kd2 d5 20. c4 0-0 21. g3 Bf3 22. Rh3 d4 23. Re1 Na6 24. c5 d3 25. Nxd3 Rf5 26. Nxe5 Rxg5 27. Bc4+ Kf8 28. Nxf3 exf3 29. g4 Rd8+ 30. Kc3 f2 31. Rf1 Re5 32. Rxf2+ Ke8 33. Rhf3 Nxc5 34. Rf8+ Kd7 35. Rd2+ 1-0

[Event "Bad Woerishofen op 19th"]
[Site "Bad Woerishofen"]
[Date "2003.03.17"]
[Round "5"]
[White "Babar, Michael"]
[Black "Schulz, Gert"]
[Result "1-0"]
[WhiteElo "2187"]
[BlackElo "2103"]
[PlyCount "43"]
[EventDate "2003.03.13"]
[EventType "swiss"]
[EventRounds "9"]
[EventCountry "GER"]
[SourceTitle "CBM 093 Extra"]
[Source "ChessBase"]
[SourceDate "2003.05.09"]
[SourceVersion "1"]
[SourceVersionDate "2003.05.09"]
[SourceQuality "1"]

1. e4 g6 2. d4 Bg7 3. Nf3 c6 4. Bd3 d5 5. e5 Nh6 6. h3 f6 7. exf6 exf6 8. 0-0 0-0 9. c4 Be6 10. Re1 dxc4 11. Rxe6 cxd3 12. Nc3 Re8 13. Qb3 Rxe6 14. Qxe6+ Nf7 15. Bf4 Qd7 16. Qb3 Na6 17. Re1 Bf8 18. Ne4 Kg7 19. a3 Re8 20. Qxd3 Nc5 21. Nxc5 Rxe1+ 22. Nxe1 1-0